Anuario estadístico de la República Oriental del Uruguay / (Record no. 2530)

MARC details
000 -LEADER
campo de control de longitud fija 00725nas a2200229 i 4500
001 - NÚMERO DE CONTROL
campo de control 2530
003 - IDENTIFICADOR DE NÚMERO DE CONTROL
campo de control ES-MaACL
005 - FECHA Y HORA DE LA ÚLTIMA TRANSACCIÓN
campo de control 20250217134645.0
007 - CAMPO FIJO DE DESCRIPCIÓN FÍSICA--INFORMACIÓN GENERAL
campo de control de longitud fija t|
008 - DATOS DE LONGITUD FIJA--INFORMACIÓN GENERAL
campo de control de longitud fija 950801c1889 uy a| s| 1 ||pa d
245 00 - MENCIÓN DEL TÍTULO
Título Anuario estadístico de la República Oriental del Uruguay /
Mención de responsabilidad, etc. dir. Eduardo Fonticelli.
260 ## - PUBLICACIÓN, DISTRIBUCIÓN, ETC.
Lugar de publicación, distribución, etc. Montevideo :
Nombre del editor, distribuidor, etc. Dirección General de Estadística,
Fecha de publicación, distribución, etc. 1889- (
Fabricante Imp. Nacional)
300 ## - DESCRIPCIÓN FÍSICA
Extensión 1 v. ;
Dimensiones 29 cm.
310 ## - PERIODICIDAD ACTUAL
Periodicidad actual Anual
362 0# - FECHAS DE PUBLICACIÓN Y/O DESIGNACIÓN SECUENCIAL
Fecha de publicación y/o designación secuencial 1889-
651 #4 - PUNTO DE ACCESO ADICIONAL DE MATERIA--NOMBRE GEOGRÁFICO
Nombre geográfico Uruguay-
Subdivisión de forma Estadísticas.
9 (RLIN) 168231
700 1# - ENTRADA AGREGADA--NOMBRE PERSONAL
Nombre de persona Fonticelli, Eduardo,
Término indicativo de función/relación
9 (RLIN) 194506
710 1# - ENTRADA AGREGADA--NOMBRE DE ENTIDAD CORPORATIVA
Nombre de entidad corporativa o nombre de jurisdicción como elemento de entrada Uruguay.
Unidad subordinada Dirección General de Estadística.
9 (RLIN) 7526
852 ## - LOCALIZACIÓN
Ubicación ES-MaACL
Número de control de estantería C-31477
866 #0 - MENCIÓN TEXTUAL DE FONDOS--UNIDAD BIBLIOGRÁFICA BÁSICA
Fondos (1941-1943).
Holdings
Estatus retirado Estado de pérdida Estado de daño No para préstamo Colección Biblioteca de origen Biblioteca actual Ubicación en estantería Fecha de adquisición Fuente de adquisición Total de préstamos Signatura topográfica completa Código de barras Visto por última vez Precio de reemplazo Tipo de ítem Koha
        Periódicos y Revistas Biblioteca del Ateneo de Madrid Biblioteca del Ateneo de Madrid Depósito 2 17/01/2008     C-31477 1002573 23/02/2023 23/02/2023 Revista